Sistemas de información del parque nacional Llanganates (Registro nro. 7943)

Detalles MARC
000 -CABECERA
Campo de control 00534nmm a22001817a 4500
005 - FECHA Y HORA DE LA ULTIMA TRANSACCION
Campo de control 20140321081603.0
008 - ELEMENTOS DE LONGITUD FIJA—INFORMACION GENERAL
Campo de control 131127b2000 ec ||||| |||| 00| 0 spa d
041 ## - IDIOMA
Código de idioma para texto/pista de sonido o título separado Español
044 ## - PAÍS DE PUBLICACIÓN
País de publicación Ecuador
090 ## - CLASIFICACIÓN LOCAL
Colección LB
Consecutivo 05795
100 ## - ASIENTO PRINCIPAL--NOMBRE PERSONAL
Nombre personal Fabara, J. (Comp.)
245 ## - MENCION DE TITULO
Título Sistemas de información del parque nacional Llanganates
260 ## - PUBLICACION, DISTRIBUCION, ETC. (PIE DE IMPRENTA)
Lugar de publicación, distribución, etc. Quito
Nombre del editor, distribuidor, etc. Ecociencia
-- Ministerio del Ambiente República del Ecuador
Fecha de publicación, distribución, etc. 2000
300 ## - DESCRIPCION FISICA
Extensión 1.
Dimensiones 13 cm
710 ## - ASIENTO SECUNDARIO - NOMBRE CORPORATIVO
Nombre corporativo o de jurisdicción como elemento de entrada Ecociencia
710 ## - ASIENTO SECUNDARIO - NOMBRE CORPORATIVO
Nombre corporativo o de jurisdicción como elemento de entrada Ministerio de Ambiente
942 ## - ELEMENTOS ADICIONALES (KOHA)
Sistema de clasificación Local
Tipo de ítem CD-ROM
Existencias
Withdrawn status Lost status Sistema de Clasificación Damaged status No para préstamo Colección Ubicación Permanente Ubicación actual Fecha de adquisición Total Checkouts Número topográfico Inventario / Código de Barras Date last seen Ejemplar Price effective from Forma de adquisición Tipo de material
    Local     Audiovisual Bogotá Bogotá 27/11/2013   LB-05795 058910 27/11/2013 Ej. 1 27/11/2013   CD-ROM